Normal view MARC view

Entry Topical Term

Number of records used in: 1

001 - CONTROL NUMBER

  • control field: 43456

003 - CONTROL NUMBER IDENTIFIER

  • control field: dpl

005 - DATE AND TIME OF LATEST TRANSACTION

  • control field: 20120305151512.0

008 - FIXED-LENGTH DATA ELEMENTS

  • fixed length control field: 120305|||a|||||| | ||| d

040 ## - CATALOGING SOURCE

  • Original cataloging agency: dpl
  • Transcribing agency: dpl

150 ## - HEADING--TOPICAL TERM

  • Topical term or geographic name as entry element: Artisans
  • Geographic subdivision: India
  • Geographic subdivision: West Bengal.

670 ## - SOURCE DATA FOUND

  • Source citation: Work cat.: (dpl): Santra, Tarapada 43382, Folk arts of West Bengal and the artist community /, 2011

670 ## - SOURCE DATA FOUND

  • Source citation: Work cat.: (dpl): Santra, Tarapada 43382, Folk arts of West Bengal and the artist community /, 2011

© Delhi Public Library
Hit Counter
free hit counter